Générique Keroro - Paroles - Statistiques

Statistiques générales
  • Ce quiz a été pris 14 fois
  • Le résultat moyen est 18 sur 24
Statistiques - réponses
Paroles % Correct
A vos {ordres} !
100%
Kero, Kero, Kero, l'{aventure} commence
100%
Toujours {prêts} !
100%
Il nous faut compter sur la {chance}
92%
Prenez garde, nous {arrivons} !
92%
Kero, Kero, Kero, allez mes {amis}
85%
Les humains sont plutôt {gentils}, oui !
85%
Mais nos bêtises font rire le monde et tout l'{univers}
85%
Avec nous, la {vie} est vraiment super
77%
Car nos bêtises font rire le monde et tout l'{univers}
77%
Car nos bêtises font rire le monde et tout l'{univers}
77%
Le Sergent Keroro sera toujours votre {ami}
77%
On va bien s'{amuser}
77%
Prenez garde, nous {arrivons} !
77%
Dans tout l'univers à travers les {galaxies}
69%
En avant, la vermine {rebelle} s'attaque à nous
69%
Le Sergent Keroro sera toujours votre {ami}
69%
Nous venons pour {envahir} toute la Terre
69%
Dans tout l'univers à travers les {galaxies}
62%
La {mission} est un échec !
62%
Mes petites {grenouilles}, préparez-vous
62%
Nous aimons jouer et {rigoler}
62%
Cachez bien vos {jouets} !
54%
Mais chaque instant se transforme en {calamité}
54%
Aucun quiz correspondant
Distribution des résultats
% des personnes avec chaque résultat
Percentile par nombre de réponses
Votre historique - résultats
Vous n’avez pas pris ce quiz